000
00247nam a22001097a 4500
082
_a
621.3 GRA'A
100
_a
GRAHAM, FRANK.D
_9
42150
245
_a
ADULS NEW ELECTRIC LIBRARY VOL-VI
260
_a
USA
_b
ADULS
_c
1963
300
_a
2900
942
_c
BK
999
_c
567260
_d
567260